000 00642nam a2200241 a 4500
001 0001-1069
003 ELIB.Books
008 141217 2010 eng
020 _a0300045255
035 _a(ELIB.Books)0001-1224
092 _a226
_bMoo
100 _aMoore, Stephen D.
245 _aThe Literary Theological Cricism Challenge and the Gospels
260 _aNew Heaven
_bYale University Press
_c1989
300 _a226
_c23.5 Cm
500 _aC/o Moe Lwai
650 _aNew Testament
856 _nKBTS; Library
_uKBTS; Elib.
942 _2ddc
_cBK
990 _a1
998 _cbat
_e2014-12-17
999 _c11069
_d11069